| 000 -LEADER |
| fixed length control field |
03107pam a22003854a 4500 |
| 001 - CONTROL NUMBER |
| control field |
6291631 |
| 003 - CONTROL NUMBER IDENTIFIER |
| control field |
NUST - PNEC |
| 005 - DATE AND TIME OF LATEST TRANSACTION |
| control field |
20170116181118.0 |
| 008 - FIXED-LENGTH DATA ELEMENTS--GENERAL INFORMATION |
| fixed length control field |
070122s2007 nyu b 001 0 eng |
| 010 ## - LIBRARY OF CONGRESS CONTROL NUMBER |
| LC control number |
2007002741 |
| 020 ## - INTERNATIONAL STANDARD BOOK NUMBER |
| International Standard Book Number |
9780385522212 (alk. paper) |
| 020 ## - INTERNATIONAL STANDARD BOOK NUMBER |
| International Standard Book Number |
0385522215 (alk. paper) |
| 035 ## - SYSTEM CONTROL NUMBER |
| System control number |
(OCoLC)OCM80917153 |
| 035 ## - SYSTEM CONTROL NUMBER |
| System control number |
(OCoLC)80917153 |
| 035 ## - SYSTEM CONTROL NUMBER |
| System control number |
(NNC)6291631 |
| 040 ## - CATALOGING SOURCE |
| Original cataloging agency |
DLC |
| Transcribing agency |
LIBRARY |
| Modifying agency |
BAKER |
| -- |
BTCTA |
| -- |
C#P |
| -- |
OrLoB-B |
| 043 ## - GEOGRAPHIC AREA CODE |
| Geographic area code |
n-us--- |
| 050 00 - LIBRARY OF CONGRESS CALL NUMBER |
| Classification number |
HV6432 |
| Item number |
.P63 2007 |
| 082 00 - DEWEY DECIMAL CLASSIFICATION NUMBER |
| Classification number |
973.931 POD |
| Edition number |
22 |
| 100 1# - MAIN ENTRY--PERSONAL NAME |
| Personal name |
Podhoretz, Norman. |
| 245 10 - TITLE STATEMENT |
| Title |
World War IV : |
| Remainder of title |
the long struggle against Islamofascism / |
| Statement of responsibility, etc. |
Norman Podhoretz. |
| 246 3# - VARYING FORM OF TITLE |
| Title proper/short title |
World War 4 |
| 246 3# - VARYING FORM OF TITLE |
| Title proper/short title |
World War Four |
| 250 ## - EDITION STATEMENT |
| Edition statement |
1st ed. |
| 260 ## - PUBLICATION, DISTRIBUTION, ETC. |
| Place of publication, distribution, etc. |
New York : |
| Name of publisher, distributor, etc. |
Doubleday, |
| Date of publication, distribution, etc. |
c2007. |
| 300 ## - PHYSICAL DESCRIPTION |
| Extent |
230 p. ; |
| Dimensions |
25 cm. |
| 504 ## - BIBLIOGRAPHY, ETC. NOTE |
| Bibliography, etc. note |
Includes bibliographical references and index. |
| 520 1# - SUMMARY, ETC. |
| Summary, etc. |
"In World War IV, Norman Podhoretz makes the first serious effort to set 9/11 itself, the battles that have followed it in Afghanistan and Iraq, and the war of ideas that it has provoked at home into a broad historical context. Podhoretz shows that the global war against Islamofascism is as vital and necessary as the two world wars and the cold war ("World War III") by which it was preceded. He also lays out a compelling case in defense of the Bush Doctrine, contending that its new military strategy of preemption and its new political strategy of democratization represent the only viable way to fight and win the special kind of war into which we were suddenly plunged." "Different in certain respects though the Islamofascists are from their totalitarian predecessors, this new enemy is equally dedicated to the destruction of the freedoms for which America stands and by which it lives. But it took the blatant aggression of 9/11 to make most Americans realize that war had long since been declared on us and that the time had come to fight back. Past administrations, both Republican and Democratic, had failed to respond with appropriate force to attacks by Muslim terrorists on American citizens in various countries, and even the bombing of the World Trade Center in 1993 was treated as a criminal act rather than an act of war. All this changed after 9/11, when the whole country rallied around President Bush's decision to bring the war to the enemy's home ground in the Middle East." "The successes and the setbacks that have followed are portrayed by Podhoretz, who goes on to argue that, just as in the two great struggles against totalitarianism in the twentieth century, the key to victory in World War IV will be a willingness to endure occasional reverses without losing sight of what we are fighting against, what we are fighting for, and why we have to win."--BOOK JACKET. |
| 650 #0 - SUBJECT ADDED ENTRY--TOPICAL TERM |
| Topical term or geographic name entry element |
War on Terrorism, 2001-2009. |
| General subdivision |
General books |
| 651 #0 - SUBJECT ADDED ENTRY--GEOGRAPHIC NAME |
| Geographic name |
United States |
| General subdivision |
Foreign relations |
| Chronological subdivision |
2001-2009. |
| 856 41 - ELECTRONIC LOCATION AND ACCESS |
| Materials specified |
Table of contents only |
| Uniform Resource Identifier |
<a href="http://www.loc.gov/catdir/toc/ecip079/2007002741.html">http://www.loc.gov/catdir/toc/ecip079/2007002741.html</a> |
| 900 ## - EQUIVALENCE OR CROSS-REFERENCE-PERSONAL NAME [LOCAL, CANADA] |
| Numeration |
TOC |
| 942 ## - ADDED ENTRY ELEMENTS (KOHA) |
| Source of classification or shelving scheme |
|
| Koha item type |
Book |
| 948 1# - LOCAL PROCESSING INFORMATION (OCLC); SERIES PART DESIGNATOR (RLIN) |
| Series part designator, SPT (RLIN) |
20070926 |
| b (OCLC) |
c |
| c (OCLC) |
rad1 |
| d (OCLC) |
MPS |